<?xml version="1.0" encoding="UTF-8"?>
<record
    xmlns:xsi="http://www.w3.org/2001/XMLSchema-instance"
    xsi:schemaLocation="http://www.loc.gov/MARC21/slim http://www.loc.gov/standards/marcxml/schema/MARC21slim.xsd"
    xmlns="http://www.loc.gov/MARC21/slim">

  <leader>00858nam a22002417a 4500</leader>
  <datafield tag="999" ind1=" " ind2=" ">
    <subfield code="c">20670</subfield>
    <subfield code="d">20670</subfield>
  </datafield>
  <controlfield tag="005">20200104041807.0</controlfield>
  <controlfield tag="008">191227b        xxu||||| |||| 00| 0 spa d</controlfield>
  <datafield tag="020" ind1=" " ind2=" ">
    <subfield code="a">9782914817134</subfield>
  </datafield>
  <datafield tag="040" ind1=" " ind2=" ">
    <subfield code="a">CO-BoIAVH </subfield>
    <subfield code="c">CO-BoIAVH </subfield>
  </datafield>
  <datafield tag="041" ind1=" " ind2=" ">
    <subfield code="a">fre</subfield>
  </datafield>
  <datafield tag="044" ind1=" " ind2=" ">
    <subfield code="a">fr</subfield>
  </datafield>
  <datafield tag="082" ind1=" " ind2=" ">
    <subfield code="a">333.714</subfield>
    <subfield code="b">B52g</subfield>
  </datafield>
  <datafield tag="110" ind1=" " ind2=" ">
    <subfield code="a">Biotope</subfield>
  </datafield>
  <datafield tag="245" ind1=" " ind2=" ">
    <subfield code="a">Guide sur la prise en compte des milieux naturels dans les &#xE9;tudes d'impacts en Guyane.</subfield>
  </datafield>
  <datafield tag="260" ind1=" " ind2=" ">
    <subfield code="a">Francia:</subfield>
    <subfield code="b">La DEAL guyane, service Milieux Naturels, Biodiversit&#xE9;, Sites et Paysages,</subfield>
    <subfield code="c">2013.</subfield>
  </datafield>
  <datafield tag="300" ind1=" " ind2=" ">
    <subfield code="a">176 P&#xE1;ginas:</subfield>
    <subfield code="b">fotograf&#xED;as, </subfield>
    <subfield code="c">29 x 21 cm.</subfield>
    <subfield code="e">+ 1 folleto plegable.</subfield>
  </datafield>
  <datafield tag="650" ind1=" " ind2="0">
    <subfield code="a">Gu&#xED;a informativa</subfield>
  </datafield>
  <datafield tag="650" ind1=" " ind2="0">
    <subfield code="a">Desarrollo sostenible</subfield>
  </datafield>
  <datafield tag="650" ind1=" " ind2="0">
    <subfield code="a">Especies protegidas</subfield>
  </datafield>
  <datafield tag="650" ind1=" " ind2="0">
    <subfield code="a">&#xC1;reas naturales protegidas</subfield>
  </datafield>
  <datafield tag="651" ind1=" " ind2="0">
    <subfield code="a">Guayana francesa</subfield>
    <subfield code="z">Francia</subfield>
  </datafield>
  <datafield tag="942" ind1=" " ind2=" ">
    <subfield code="2">ddc</subfield>
    <subfield code="c">LIBRO</subfield>
  </datafield>
  <datafield tag="952" ind1=" " ind2=" ">
    <subfield code="0">0</subfield>
    <subfield code="1">0</subfield>
    <subfield code="2">ddc</subfield>
    <subfield code="4">0</subfield>
    <subfield code="7">0</subfield>
    <subfield code="8">GENERAL</subfield>
    <subfield code="a">Bogota</subfield>
    <subfield code="b">Bogota</subfield>
    <subfield code="d">2019-12-27</subfield>
    <subfield code="l">0</subfield>
    <subfield code="o">LB-333.714 B52g</subfield>
    <subfield code="p">043947</subfield>
    <subfield code="r">2019-12-27 00:00:00</subfield>
    <subfield code="t">Ej.1</subfield>
    <subfield code="w">2019-12-27</subfield>
    <subfield code="x">Canje</subfield>
    <subfield code="y">LIBRO</subfield>
    <subfield code="z">Folleto plegable (CID-043948).</subfield>
  </datafield>
</record>
